000 00743nam a22002057a 4500
008 150421b xxu||||| |||| 00| 0 eng d
020 _a9780415167901
050 _aQ181.M1777 1998
100 _aMartin, J.R. (ed.)
_917411
245 _aReading science
_bcritical and functional perspectives on discourse of science
_c/by J.R. Martin and Robert Veel
260 _aLondon
_bRoutledge
_c1998
300 _aix,368p. ;
_c24cm.
650 _aScience
_xStudy and teaching
_xMethodology
_917412
650 _aTechnology
_xStudy and teaching
_xMethodology
_917413
650 _aDiscourse analysis
_916007
650 _aTechnical writing
_917414
650 _aRhetoric
_915927
700 _aVeel, Robert (ed.)
_917415
942 _2lcc
_cMONOGRAPH
999 _c122729
_d122729